000 00690nam a2200217Ia 4500
001 9430
003 GE_BSU
008 181216s||||||||xx |||||||||||||| ||und||
040 _cGE_BSU
100 _aმოდებაძე,ნოდარ
245 _aქალი და ჩიტები
245 _bმოთხრობები
245 _cრედ.შ.ზოიძე,მხატვ.რ.სანადირაძე
260 _aბათუმი
260 _bსაბჭოთა აჭარა
260 _c1972
300 _a273გვ.16სმ.
653 _aმოთხრობები
653 _aქალი და ჩიტები
942 _cBK
999 _c42724
_d42724